Valven kehittämät pelit - Statistics

Yleistilastot
  • Tätä visaa on pelattu 22 kertaa
  • Keskiarvotulos 9 / 33
Vastaustilastot
Vuosi Peli % Oikein
2000 Counter-Strike
95%
2023 Counter-Strike 2
80%
2012 Counter-Strike: Global Offensive
75%
2004 Counter-Strike: Source
60%
2007 Team Fortress 2
60%
1998 Half Life
50%
2004 Half Life 2
50%
2007 Portal
50%
2011 Portal 2
50%
2020 Half Life: Alyx
45%
2013 Dota 2
30%
2004 Counter-Strike: Condition Zero
25%
1999 Team Fortress Classic
25%
2004 Half Life: Source
20%
2008 Left 4 Dead
20%
2009 Left 4 Dead 2
20%
2000 Ricochet
20%
2018 The Artifact
20%
2003 Day of Defeat
15%
2010 Alien Swarm
10%
2022 Aperture Desk Job
10%
2005 Day of Defeat: Source
10%
2000 Deathmatch Classic
10%
2020 Dota Underlords
10%
2006 Half Life 2: Episode 1
10%
2007 Half Life 2: Episode 2
10%
2005 Half Life 2: Lost Coast
10%
2001 Half Life: Blue Shift
10%
2004 Half Life 2: Deathmatch
5%
1999 Half Life: Opposing Force
5%
2016 The Lab
5%
2006 Half Life Deathmatch: Source
0%
2001 Half Life: Decay
0%
Ehtoja vastaavia visoja ei löytynyt
Tulosjakauma
Jokaisen tuloksen saaneiden osuus
Persentiili vastausten määrän mukaan
Tuloshistoriasi
Et ole pelannut tätä visaa